Foundation problems associated with low-rise housing : Part 2 (Record no. 102283)

MARC details
000 -LEADER
fixed length control field 00712cam a2200241 4500
001 - CONTROL NUMBER
control field B974
008 - FIXED-LENGTH DATA ELEMENTS--GENERAL INFORMATION
fixed length control field #DATE n1986 000 0 eng u
035 ## - SYSTEM CONTROL NUMBER
System control number (Sirsi) u119292
041 ## - LANGUAGE CODE
Language code of text/sound track or separate title eng
050 ## - LIBRARY OF CONGRESS CALL NUMBER
Classification number 624.15
100 ## - MAIN ENTRY--PERSONAL NAME
Personal name Johnson, Roger
245 ## - TITLE STATEMENT
Title Foundation problems associated with low-rise housing : Part 2
260 ## - PUBLICATION, DISTRIBUTION, ETC.
Place of publication, distribution, etc. Ascot, Berks
Name of publisher, distributor, etc. Chartered Institute of Building
Date of publication, distribution, etc. 1986
300 ## - PHYSICAL DESCRIPTION
Extent 8p.bill.
Dimensions 30cm.
350 ## - PRICE (NR) (BK AM CF MU VM SE) [OBSOLETE]
Price 10
490 ## - SERIES STATEMENT
Series statement Technical Information Service
Volume/sequential designation 62
650 ## - SUBJECT ADDED ENTRY--TOPICAL TERM
Topical term or geographic name entry element BUILDING FAILURES
650 ## - SUBJECT ADDED ENTRY--TOPICAL TERM
Topical term or geographic name entry element BUILT ENVIRONMENT-BUILDING ELEMENTS-COMPLETE BUILDING ELEMENTS-FOUNDATIONS
650 ## - SUBJECT ADDED ENTRY--TOPICAL TERM
Topical term or geographic name entry element HOUSE BUILDING
650 ## - SUBJECT ADDED ENTRY--TOPICAL TERM
Topical term or geographic name entry element SOIL MECHANICS
650 ## - SUBJECT ADDED ENTRY--TOPICAL TERM
Topical term or geographic name entry element SUBSIDENCE
942 ## - ADDED ENTRY ELEMENTS (KOHA)
Suppress in OPAC 0
Holdings
Withdrawn status Lost status Source of classification or shelving scheme Damaged status Not for loan Home library Current library Shelving location Date acquired Total Checkouts Full call number Barcode Date last seen Copy number Price effective from Koha item type
    Dewey Decimal Classification     London London Enquiry desk 12/08/2002   BOXED SET 30065537 06/08/2019 1 06/08/2019 Book